CHEMISTRY OF NATURAL PRODUCTS (Record no. 17363)

MARC details
000 -LEADER
fixed length control field 00323nam a22001457a 4500
003 - CONTROL NUMBER IDENTIFIER
control field SGT
020 ## - INTERNATIONAL STANDARD BOOK NUMBER
International Standard Book Number 978-81-90938-53-2
082 ## - DEWEY DECIMAL CLASSIFICATION NUMBER
Classification number 615.19
Item number C18K
100 ## - MAIN ENTRY--PERSONAL NAME
Personal name KAUR,JASWANT
245 ## - TITLE STATEMENT
Title CHEMISTRY OF NATURAL PRODUCTS
260 ## - PUBLICATION, DISTRIBUTION, ETC. (IMPRINT)
Place of publication, distribution, etc JALANDHAR
Name of publisher, distributor, etc S.VIKASH
Year of Publication 2018
300 ## - PAGE DESCRIPTION
No. of Pages 468
650 ## - SUBJECT ADDED ENTRY--TOPICAL TERM
Topical term or geographic name as entry element PHARMACY
942 ## - ADDED ENTRY ELEMENTS (KOHA)
Source of classification or shelving scheme Dewey Decimal Classification
Koha item type Books
942 ## - ADDED ENTRY ELEMENTS (KOHA)
-- 3
Holdings
Withdrawn status Lost status Source of classification or shelving scheme Damaged status Not for loan Collection code Home library Current library Shelving location Date acquired Vendor Name Cost, normal purchase price SGTU Bill Number Total Checkouts Full call number Accession No. (Barcode) Date last seen Bill Date Koha item type Date last borrowed
    Dewey Decimal Classification     PHARMACY SGT FA-FP Library SGT FA-FP Library Text Book 05/04/2019 AHUJA PUB 525.00 SGTU 10918   615.19 C18K FP3351 05/04/2019 03/04/2019 Books  
    Dewey Decimal Classification     PHARMACY SGT FA-FP Library SGT FA-FP Library Text Book 05/04/2019 AHUJA PUB 525.00 SGTU 10918 1 615.19 C18K FP3352 01/12/2022 03/04/2019 Books 16/11/2022
    Dewey Decimal Classification     PHARMACY SGT FA-FP Library SGT FA-FP Library Text Book 05/04/2019 AHUJA PUB 525.00 SGTU 10918   615.19 C18K FP3353 05/04/2019 03/04/2019 Books  
    Dewey Decimal Classification     PHARMACY SGT FA-FP Library SGT FA-FP Library Text Book 05/04/2019 AHUJA PUB 525.00 SGTU 10918   615.19 C18K FP3354 05/04/2019 03/04/2019 Books  
    Dewey Decimal Classification     PHARMACY SGT FA-FP Library SGT FA-FP Library Text Book 05/04/2019 AHUJA PUB 525.00 SGTU 10918 2 615.19 C18K FP3355 16/12/2022 03/04/2019 Books 01/12/2022